00442 a2200157 4500001000700000040003500007100001900042240002900061245002400090300000700114362000900121697002100130942000700151952010700158999001900265155038 cEscola São Tomás de Aquino aBROOKE, Rebeca10aCircles and Squareslpor10aCircles and Squares a260 a2005 aLíngua inglesa cBK 00104070a12.22b12.22d2024-04-30l0o420 BRO CIRpEST00009119r2024-04-30 22:12:30w2024-04-30yBK c155038d155038